| 000 | 00366nam a22001217a 4500 | ||
|---|---|---|---|
| 999 |
_c3090 _d3090 |
||
| 005 | 20200930113827.0 | ||
| 008 | 200930b ||||| |||| 00| 0 eng d | ||
| 020 | _a0723213380 | ||
| 040 | _cCML | ||
| 245 |
_aFlags of the World. _cBarraclough, E. M. C. |
||
| 260 |
_aLondon _bFrederick Warne & Co Ltd _c1971 |
||
| 942 |
_2ddc _cBK _e1st Edition _h929.9 _mBAR |
||